[Event "First Saturday 2012 aprilis IM"]
[Site "?"]
[Date "2012.04.14"]
[Round "8"]
[White "Farago, Sandor"]
[Black "Padhya, Saumil"]
[Result "1-0"]
[WhiteElo "2296"]
[BlackElo "2187"]
[PlyCount "83"]
[EventDate "2012.04.07"]

1. e4 c5 2. Nf3 d6 3. d4 cxd4 4. Nxd4 Nf6 5. Nc3 a6 6. Bc4 e6 7. Bb3 b5 8. a3
Be7 9. Qe2 Qb6 10. Be3 Qb7 11. f3 Nbd7 12. g4 Nc5 13. Ba2 b4 14. axb4 Qxb4 15.
g5 Nfd7 16. O-O-O Bb7 17. h4 Rb8 18. Qc4 Qb6 19. Na4 Qa5 20. Nxc5 Nxc5 21. Nf5
exf5 22. Qxf7+ Kd8 23. Qxg7 Re8 24. Bf7 Qa1+ 25. Kd2 Qa5+ 26. Ke2 fxe4 27. f4
Bc8 28. Kf2 Ne6 29. Qxh7 Rxb2 30. Rd2 Rf8 31. Rhd1 Nxf4 32. Bxf4 e3+ 33. Kxe3
Qc5+ 34. Kf3 Bb7+ 35. Kg3 Qc3+ 36. Rd3 Qxc2 37. Rxd6+ Bxd6 38. Rxd6+ Kc8 39.
Be6+ Kb8 40. Rd8+ Ka7 41. Qxc2 Rxc2 42. Be3+ 1-0

[Event "First Saturday 2012 aprilis IM"]
[Site "?"]
[Date "2012.04.14"]
[Round "8"]
[White "Galyas, Miklos"]
[Black "Melkonyan, Vardan"]
[Result "1/2-1/2"]
[WhiteElo "2445"]
[BlackElo "2230"]
[PlyCount "21"]
[EventDate "2012.04.07"]

1. d4 d5 2. c4 e6 3. Nc3 Nf6 4. cxd5 exd5 5. Bg5 c6 6. Qc2 Be7 7. e3 O-O 8. Bd3
Nbd7 9. Nge2 Re8 10. O-O Nf8 11. f3 1/2-1/2

[Event "First Saturday 2012 aprilis IM"]
[Site "?"]
[Date "2012.04.14"]
[Round "8"]
[White "Kislik, Erik Andrew"]
[Black "Vrhovnik, Damir"]
[Result "1-0"]
[WhiteElo "2403"]
[BlackElo "2124"]
[PlyCount "105"]
[EventDate "2012.04.07"]

1. e4 c5 2. Nf3 d6 3. d4 cxd4 4. Nxd4 Nf6 5. Nc3 g6 6. Be3 Bg7 7. f3 Nc6 8. Qd2
Bd7 9. O-O-O Rc8 10. g4 h5 11. g5 Nh7 12. h4 Nf8 13. f4 Ne6 14. Nde2 Na5 15. b3
Nc5 16. Bd4 Bxd4 17. Nxd4 Nc6 18. Be2 O-O 19. Rhg1 Qa5 20. Kb2 Nxd4 21. Qxd4
Ne6 22. Qe3 Nxf4 23. Bc4 b5 24. Nxb5 Bxb5 25. Bxb5 Qxb5 26. Qxf4 Rc5 27. Rg2
Re5 28. Rgd2 Rc8 29. c4 Rxc4 30. Rf2 Rf5 31. Qe3 Rxf2+ 32. Qxf2 Qe5+ 33. Ka3
Rxe4 34. Qxa7 Rxh4 35. Rc1 Qxg5 36. Rc8+ Kg7 37. Qa8 d5 38. Qa5 e6 39. Qc5 Kf6
40. Rc7 Qf4 41. Qe7+ Ke5 42. Rc2 Qf5 43. Qc7+ Kf6 44. Qd8+ Ke5 45. Qc7+ Kf6 46.
Qd8+ Ke5 47. Qh8+ Qf6 48. Re2+ Re4 49. Qb8+ Kf5 50. Rf2+ Kg5 51. Rxf6 Kxf6 52.
b4 d4 53. b5 1-0

[Event "First Saturday 2012 aprilis IM"]
[Site "?"]
[Date "2012.04.15"]
[Round "9"]
[White "Melkonyan, Vardan"]
[Black "Kislik, Erik Andrew"]
[Result "1/2-1/2"]
[WhiteElo "2230"]
[BlackElo "2403"]
[PlyCount "82"]
[EventDate "2012.04.07"]

1. e4 c5 2. Nc3 d6 3. g3 Nc6 4. Bg2 g6 5. Nge2 Bg7 6. d3 Nf6 7. O-O O-O 8. Bg5
Rb8 9. Qd2 b5 10. Bh6 b4 11. Nd1 a5 12. Bxg7 Kxg7 13. f4 Nd4 14. Ne3 Nxe2+ 15.
Qxe2 a4 16. g4 h6 17. h4 Bb7 18. h5 e6 19. hxg6 fxg6 20. Rf2 Qe7 21. Nc4 e5 22.
Raf1 exf4 23. Rxf4 Nd7 24. Rxf8 Rxf8 25. Rxf8 Nxf8 26. Qf2 Nd7 27. e5 Nxe5 28.
Nxe5 Bxg2 29. Nxg6 Kxg6 30. Qf5+ Kg7 31. Kxg2 Qe2+ 32. Kg3 Qe3+ 33. Kg2 Qd4 34.
Kh3 Qf6 35. Qc8 Qf1+ 36. Kg3 Qe1+ 37. Kf3 Qh1+ 38. Kg3 Qg1+ 39. Kf3 Qf1+ 40.
Kg3 Qe1+ 41. Kf3 Qf1+ 1/2-1/2

[Event "First Saturday 2012 aprilis IM"]
[Site "?"]
[Date "2012.04.15"]
[Round "9"]
[White "Szeberenyi, Adam"]
[Black "Farago, Sandor"]
[Result "1-0"]
[WhiteElo "2305"]
[BlackElo "2296"]
[PlyCount "145"]
[EventDate "2012.04.07"]

1. d4 d5 2. c4 e5 3. dxe5 d4 4. Nf3 Nc6 5. g3 Bg4 6. Bg2 Bb4+ 7. Bd2 a5 8. O-O
Nge7 9. Bxb4 axb4 10. Nbd2 Qd7 11. Nb3 Rd8 12. Nc5 Qc8 13. a3 bxa3 14. Rxa3 O-O
15. b4 Nxb4 16. e6 Bxe6 17. Ng5 Bg4 18. h3 Bh5 19. Qb1 d3 20. Qxb4 dxe2 21. Re1
Rd1 22. g4 Qd8 23. Rd3 Rxd3 24. Nxd3 Nc6 25. Bxc6 bxc6 26. gxh5 Qxg5+ 27. Kh2
Qd8 28. Qd2 Qd4 29. c5 Rd8 30. Qxe2 h6 31. Rd1 Qf6 32. f4 Rd4 33. Qe8+ Kh7 34.
Qe5 Qd8 35. Qf5+ Kg8 36. Rd2 Rd5 37. Qe4 Rxc5 38. Re2 Rd5 39. Qe8+ Qxe8 40.
Rxe8+ Kh7 41. Ne5 f6 42. Nxc6 Rxh5 43. Rc8 Rc5 44. Ne7 g5 45. f5 Kg7 46. Rd8
Kf7 47. Nd5 c6 48. Rd7+ Kf8 49. Ne3 Re5 50. Rd3 h5 51. Kg3 Ke7 52. Kf3 Ra5 53.
Rb3 Ra4 54. Rb7+ Kd6 55. Rf7 Ke5 56. Re7+ Kd6 57. Re6+ Kc5 58. Rxf6 Rf4+ 59.
Ke2 Rh4 60. Re6 Rxh3 61. f6 Rh2+ 62. Kf1 Rh4 63. Ng2 Rh3 64. Ke2 g4 65. Re5+
Kd6 66. Rf5 Ke6 67. f7 Kxf5 68. f8=Q+ Kg5 69. Qe7+ Kf5 70. Ne3+ Kg6 71. Qe6+
Kg5 72. Qf5+ Kh4 73. Qf6+ 1-0